| Tag |
First Indicator |
Second Indicator |
Subfields |
| LEADER |
00000cam a2200000 a 4500 |
| 001 |
in00001406517 |
| 005 |
20151020072735.0 |
| 008 |
970107s1997 enka b 001 0 eng |
| 010 |
|
|
|a 97001036
|
| 015 |
|
|
|a GB97-40739
|
| 019 |
|
|
|a 37157016
|
| 020 |
|
|
|a 0471975249
|
| 020 |
|
|
|a 047197546X (pbk.)
|
| 035 |
|
|
|a (OCoLC)36207550
|
| 035 |
|
|
|9 AHQ3457AM
|
| 040 |
|
|
|a DLC
|c DLC
|d C#P
|d UKM
|d TXA
|d UtOrBLW
|
| 041 |
1 |
|
|a eng
|h fre
|
| 049 |
|
|
|a TXAM
|
| 050 |
0 |
0 |
|a TA654
|b .G4503 1997
|
| 082 |
0 |
0 |
|a 624.1/76
|2 21
|
| 090 |
|
|
|a TA654
|b .G4513 1997
|
| 100 |
1 |
|
|a Géradin, Michel,
|d 1945-
|
| 240 |
1 |
0 |
|a Théorie des vibrations.
|l English
|
| 245 |
1 |
0 |
|a Mechanical vibrations :
|b theory and application to structural dynamics /
|c M. Géradin and D. Rixen.
|
| 250 |
|
|
|a 2nd ed.
|
| 264 |
|
1 |
|a Chichester, England ;
|a New York :
|b John Wiley,
|c [1997]
|
| 264 |
|
4 |
|c ©1997
|
| 300 |
|
|
|a xviii, 425 pages :
|b illustrations ;
|c 26 cm.
|
| 336 |
|
|
|a text
|b txt
|2 rdacontent
|
| 337 |
|
|
|a unmediated
|b n
|2 rdamedia
|
| 338 |
|
|
|a volume
|b nc
|2 rdacarrier
|
| 504 |
|
|
|a Includes bibliographical references and index.
|
| 650 |
|
0 |
|a Structural dynamics.
|
| 700 |
1 |
|
|a Rixen, Daniel.
|
| 948 |
|
|
|a c:rd
|
| 999 |
|
|
|a MARS
|
| 999 |
f |
f |
|s 01d09598-5bfb-3735-aa00-e6b0942179fb
|i ef3fb1b9-6e8c-3592-9a79-bf76a7637570
|t 0
|
| 952 |
f |
f |
|p normal
|a Texas A&M University
|b College Station
|c Sterling C. Evans Library
|d Evans: Library Stacks
|t 0
|e TA654 .G4513 1997
|h Library of Congress classification
|i unmediated -- volume
|m A14823313089
|
| 998 |
f |
f |
|a TA654 .G4513 1997
|t 0
|l Evans: Library Stacks
|